[Event "14th IBCA World Chess Championship for Blind 2019"]
[Site "Cagliari"]
[Date "2019.04.14"]
[Round "9"]
[Board "19"]
[White "Ross, Chris N"]
[Black "Lindenmair, Anton"]
[Result "1/2-1/2"]
[WhiteElo "2224"]
[BlackElo "1974"]
[PlyCount "100"]
[EventDate "2019.04.06"]
[EventRounds "9"]
[EventCountry "ITA"]

1. e4 e5 2. Nf3 Nf6 3. Nxe5 d6 4. Nf3 Nxe4 5. Nc3 Nxc3 6. dxc3 Nc6 7. Be3 Be7
8. Qd2 Be6 9. O-O-O Qd7 10. a3 a6 11. Be2 O-O-O 12. Nd4 Bf6 13. Nxe6 Qxe6 14.
Qd5 Qxd5 15. Rxd5 Rhe8 16. Rd2 Re5 17. h4 Rde8 18. Bd3 h6 19. Kd1 R5e7 20. g4
g5 21. h5 Be5 22. Re2 Bf4 23. Bxf4 Rxe2 24. Bxg5 Rxf2 25. Bxh6 Ne5 26. Bf5+
Rxf5 27. gxf5 Ng4 28. Bg7 Nf2+ 29. Kd2 Nxh1 30. h6 Ng3 31. h7 Nxf5 32. h8=Q
Rxh8 33. Bxh8 Kd7 34. Bf6 Ke6 35. Bd8 c6 36. Kd3 Ne7 37. Bb6 f5 38. c4 Ng6 39.
b3 Ne5+ 40. Ke3 Nd7 41. Bd4 Nf6 42. a4 Nh5 43. Bb2 f4+ 44. Ke4 d5+ 45. cxd5+
cxd5+ 46. Kf3 Kf5 47. Bc3 b5 48. axb5 axb5 49. Bb2 Ng3 50. Bc1 Nh5  1/2-1/2

[Event "14th IBCA World Chess Championship for Blind 2019"]
[Site "Cagliari"]
[Date "2019.04.14"]
[Round "9"]
[Board "20"]
[White "Vrioni, Bersan"]
[Black "Zoltek, Tadeusz"]
[Result "1/2-1/2"]
[WhiteElo "1924"]
[BlackElo "2092"]
[PlyCount "84"]
[EventDate "2019.04.06"]
[EventRounds "9"]
[EventCountry "ITA"]

1. e4 c5 2. Nc3 Nc6 3. f4 g6 4. Nf3 Bg7 5. Bc4 e6 6. d3 Nge7 7. O-O d5 8. Bb3
O-O 9. Qe1 b5 10. Nxb5 Qb6 11. c4 Nb4 12. Qe2 dxe4 13. dxe4 Bb7 14. Nc3 a5 15.
Be3 Bc6 16. Na4 Bxa4 17. Bxa4 Rfd8 18. Ne1 Nbc6 19. Bxc6 Nxc6 20. Rb1 a4 21.
Nf3 Bd4 22. Nxd4 Nxd4 23. Qf2 Qb4 24. f5 exf5 25. Bg5 Re8 26. Rbe1 Qxc4 27.
exf5 Nxf5 28. Rc1 Qg4 29. Bf6 Re2 30. Qf3 Qxf3 31. Rxf3 Nd4 32. Rf2 Rxf2 33.
Kxf2 Ne6 34. Rc4 Ra6 35. g4 h6 36. h4 g5 37. hxg5 hxg5 38. Ke3 Kh7 39. Ke4 Kg6
40. Be5 Ra7 41. a3 Ra6 42. Kd5 Ra8  1/2-1/2

[Event "14th IBCA World Chess Championship for Blind 2019"]
[Site "Cagliari"]
[Date "2019.04.14"]
[Round "9"]
[Board "21"]
[White "Ursic, Aleksander"]
[Black "Mueller, Thorsten"]
[Result "0-1"]
[WhiteElo "1912"]
[BlackElo "2086"]
[PlyCount "118"]
[EventDate "2019.04.06"]
[EventRounds "9"]
[EventCountry "ITA"]

1. d4 d5 2. Nf3 Nf6 3. Bf4 c5 4. e3 cxd4 5. exd4 Nc6 6. c3 Bf5 7. Nbd2 e6 8.
Be2 h6 9. Qa4 Nd7 10. Bb5 Qb6 11. O-O a6 12. Be2 Be7 13. Qb3 O-O 14. Rfe1 Rac8
15. h3 Na5 16. Qxb6 Nxb6 17. Nf1 Nac4 18. Bc1 Bd6 19. Ne3 Nxe3 20. Bxe3 Nc4 21.
Bc1 b5 22. a3 Rc7 23. Nh4 Bh7 24. f4 Be7 25. Nf3 Rfc8 26. Kf2 a5 27. g4 Nd6 28.
Kg3 Ne4+ 29. Kg2 b4 30. axb4 axb4 31. cxb4 Bxb4 32. Rd1 Rc2 33. Ng1 Be7 34. Kf3
Nd6 35. Ke3 g5 36. Kf3 Be4+ 37. Kg3 Nc4 38. fxg5 hxg5 39. Ra2 Bd6+ 40. Kf2 Bf4
41. Bxf4 gxf4 42. Nf3 Nxb2 43. Rd2 Rxd2 44. Nxd2 Rc2 45. Ra8+ Kg7 46. Ke1 Rc1+
47. Kf2 Nd1+ 48. Bxd1 Rxd1 49. Ra2 Rh1 50. Ra3 Rh2+ 51. Ke1 Kg6 52. Rc3 Rg2 53.
Nf1 Rb2 54. Nd2 Rb4 55. Nb3 Kg5 56. Kf2 Kh4 57. Kf1 f3 58. Kf2 Kxh3 59. g5 Kg4
 0-1

[Event "14th IBCA World Chess Championship for Blind 2019"]
[Site "Cagliari"]
[Date "2019.04.14"]
[Round "9"]
[Board "22"]
[White "Chojnowski, Marcin"]
[Black "Schulz, Gert"]
[Result "1-0"]
[WhiteElo "2083"]
[BlackElo "1995"]
[PlyCount "123"]
[EventDate "2019.04.06"]
[EventRounds "9"]
[EventCountry "ITA"]

1. d4 Nf6 2. Nf3 e6 3. c4 Bb4+ 4. Bd2 Qe7 5. g3 Nc6 6. Bg2 Bxd2+ 7. Qxd2 Ne4 8.
Qc2 Qb4+ 9. Nbd2 Nxd2 10. Qxd2 Qxc4 11. a3 a5 12. O-O O-O 13. Rac1 Qb5 14. Rc5
Qb6 15. Rh5 Ne7 16. Rc1 d6 17. Qd3 Ng6 18. Rb5 Qa6 19. Rxc7 e5 20. dxe5 Bf5 21.
Qc4 Rac8 22. exd6 Qxd6 23. Rbc5 Rxc7 24. Rxc7 Qd1+ 25. Bf1 Bh3 26. Qc1 Rd8 27.
Ne1 Bg4 28. Qxd1 Rxd1 29. f3 Be6 30. Kf2 Bd5 31. Rc8+ Nf8 32. Rc5 a4 33. Nd3
Bc6 34. Rc1 Rxc1 35. Nxc1 Ne6 36. e4 Kf8 37. Ke3 Ke7 38. Na2 Kd6 39. Nb4 Bd7
40. Bc4 Kc5 41. Ba2 f6 42. Bd5 Bc8 43. h4 Nc7 44. Nd3+ Kd6 45. Bg8 h6 46. Bc4
Na8 47. Kd4 Nb6 48. Bd5 Nxd5 49. exd5 b6 50. Nf2 f5 51. Nd1 g5 52. f4 g4 53.
Nc3 Bd7 54. Nd1 b5 55. Nc3 Be8 56. Nd1 Bd7 57. Ne3 Bc8 58. Nc2 Bd7 59. Nb4 Bc8
60. Nc6 Bb7 61. Na7 Ba6 62. h5  1-0

[Event "14th IBCA World Chess Championship for Blind 2019"]
[Site "Cagliari"]
[Date "2019.04.14"]
[Round "9"]
[Board "23"]
[White "Tonteri, Ari"]
[Black "Rositsan, Boris"]
[Result "0-1"]
[WhiteElo "1870"]
[BlackElo "2069"]
[PlyCount "85"]
[EventDate "2019.04.06"]
[EventRounds "9"]
[EventCountry "ITA"]

1. e4 g6 2. d4 Bg7 3. Nf3 d6 4. Bc4 Nf6 5. Qe2 O-O 6. e5 dxe5 7. dxe5 Nd5 8.
O-O Bg4 9. Nbd2 Nc6 10. Qe4 Bxf3 11. Nxf3 Nb6 12. Bb3 Na5 13. Bg5 Nxb3 14. axb3
c6 15. Qh4 f6 16. Rad1 Qc8 17. Bh6 g5 18. Qh5 Qe8 19. Qxe8 Rfxe8 20. Bxg7 Kxg7
21. Rfe1 Rad8 22. h3 Kf7 23. g3 h5 24. Ra1 a6 25. exf6 exf6 26. Rxe8 Rxe8 27.
Rd1 g4 28. hxg4 hxg4 29. Nh2 Re2 30. Rc1 f5 31. Kf1 Rd2 32. Ke1 Rd8 33. Rd1
Re8+ 34. Kf1 Rh8 35. Kg2 Re8 36. Kf1 Nd5 37. Rd3 Nf6 38. Re3 Rd8 39. Ke1 Ne4
40. Nf1 Rd5 41. Re2 Ra5 42. Ne3 Ra1+ 43. Nd1 {... 82 moves}  0-1

[Event "14th IBCA World Chess Championship for Blind 2019"]
[Site "Cagliari"]
[Date "2019.04.14"]
[Round "9"]
[Board "24"]
[White "Aryan, B Joshi"]
[Black "Schellmann, Frank"]
[Result "1/2-1/2"]
[WhiteElo "1864"]
[BlackElo "2033"]
[PlyCount "50"]
[EventDate "2019.04.06"]
[EventRounds "9"]
[EventCountry "ITA"]

1. e4 e5 2. Nf3 Nc6 3. Bc4 Nf6 4. d3 Bc5 5. c3 O-O 6. O-O d5 7. exd5 Nxd5 8.
Re1 Bg4 9. Nbd2 Nb6 10. Bb5 Bd6 11. h3 Bh5 12. Ne4 Re8 13. Bg5 f6 14. Be3 a6
15. Bxc6 bxc6 16. g4 Bg6 17. Nh4 Nd5 18. Qf3 Rb8 19. Re2 Bf8 20. Rd2 Nxe3 21.
Qxe3 Qd5 22. b4 a5 23. c4 Qd4 24. Qxd4 exd4 25. Nxg6 hxg6  1/2-1/2

[Event "14th IBCA World Chess Championship for Blind 2019"]
[Site "Cagliari"]
[Date "2019.04.14"]
[Round "9"]
[Board "25"]
[White "Bindzus, Ernst"]
[Black "Donmez, Unal"]
[Result "0-1"]
[WhiteElo "1985"]
[BlackElo "1887"]
[PlyCount "82"]
[EventDate "2019.04.06"]
[EventRounds "9"]
[EventCountry "ITA"]

1. e4 e5 2. Nf3 Nc6 3. Bc4 Bc5 4. b4 Bxb4 5. c3 Ba5 6. d4 exd4 7. O-O d3 8. Qb3
Qf6 9. e5 Qg6 10. Rd1 Nge7 11. Bxd3 Qh5 12. Nbd2 O-O 13. Ba3 Re8 14. Nc4 Bb6
15. Re1 Ng6 16. Qc2 Nf4 17. Bc1 Nxd3 18. Qxd3 d5 19. exd6 Rxe1+ 20. Nxe1 Bf5
21. Qf3 Re8 22. Bf4 Bg4 23. Qg3 Bd1 24. Nd3 Bc2 25. Nxb6 cxb6 26. Ne1 Bf5 27.
Nf3 h6 28. h3 Bd7 29. Kh2 Kf8 30. Re1 Rxe1 31. Nxe1 Qe2 32. Nf3 Qxa2 33. Qh4
Qe6 34. Ng5 Qg6 35. Nf3 f6 36. Bg3 Qd3 37. c4 a5 38. Qf4 a4 39. Bh4 Qc3 40. Qe4
a3 41. Bg3 a2  0-1

[Event "14th IBCA World Chess Championship for Blind 2019"]
[Site "Cagliari"]
[Date "2019.04.14"]
[Round "9"]
[Board "26"]
[White "Morariu, Ionel"]
[Black "Pohlers, Juergen"]
[Result "0-1"]
[WhiteElo "1862"]
[BlackElo "1923"]
[PlyCount "98"]
[EventDate "2019.04.06"]
[EventRounds "9"]
[EventCountry "ITA"]

1. e4 c5 2. Nf3 Nc6 3. d3 d6 4. g3 g6 5. Bg2 Bg7 6. O-O Nf6 7. Nh4 e5 8. Nf3 h6
9. c3 Be6 10. h3 Qd7 11. Kh2 d5 12. Nbd2 dxe4 13. dxe4 Rd8 14. Qa4 O-O 15. Re1
a6 16. Nb3 Qe7 17. Be3 Nd7 18. Nbd2 Rfe8 19. Bf1 Nb6 20. Qc2 Bf8 21. a4 Na5 22.
b4 Nc6 23. Bxc5 Qc7 24. Bxf8 Rxf8 25. Qb2 Rc8 26. a5 Nd7 27. Nb3 Na7 28. Rac1
Bc4 29. Bxc4 Qxc4 30. Nbd2 Qe6 31. Nf1 Nf6 32. N3d2 Rfd8 33. Ne3 Rd3 34. c4 b5
35. axb6 Qxb6 36. c5 Qd8 37. Nec4 Qd4 38. Qxd4 Rxd4 39. f3 Nc6 40. Rb1 Rcd8 41.
Rb2 Rb8 42. Reb1 h5 43. Nd6 Rdxb4 44. N2c4 a5 45. Rxb4 axb4 46. Kg2 Nd7 47. Kf2
Nxc5 48. Ke3 Kf8 49. Rd1 Ke7 {... 60 moves}  0-1

[Event "14th IBCA World Chess Championship for Blind 2019"]
[Site "Cagliari"]
[Date "2019.04.14"]
[Round "9"]
[Board "27"]
[White "Barnowski, Sylwester"]
[Black "Clemente Llamero, Roberto"]
[Result "0-1"]
[WhiteElo "1771"]
[BlackElo "2117"]
[PlyCount "86"]
[EventDate "2019.04.06"]
[EventRounds "9"]
[EventCountry "ITA"]

1. d4 d5 2. e3 Nc6 3. f4 Nf6 4. Nf3 Bg4 5. Nbd2 h6 6. c3 Bf5 7. Ne5 Nxe5 8.
fxe5 Ne4 9. Qb3 Rb8 10. Nf3 c6 11. Be2 e6 12. O-O Be7 13. Bd2 O-O 14. c4 dxc4
15. Bxc4 b5 16. Be2 c5 17. Rfc1 Nxd2 18. Nxd2 cxd4 19. e4 Bg6 20. Rc2 Bg5 21.
Bd3 Qa5 22. Nf3 Be3+ 23. Kh1 Qb6 24. Qb4 Bh5 25. Rc5 Bxf3 26. gxf3 a6 27. a4
bxa4 28. Qxb6 Rxb6 29. Rxa4 Rxb2 30. Rxa6 Rfb8 31. Rc2 Rxc2 32. Bxc2 Rb2 33.
Bd3 Rb3 34. Bc2 Rc3 35. Ba4 d3 36. Rd6 Bf4 37. Rd8+ Kh7 38. Rd7 Ra3 39. Bd1
Bxe5 40. f4 Bxf4 41. Rxf7 Ra1 42. Rxf4 Rxd1+ 43. Kg2 d2  0-1

[Event "14th IBCA World Chess Championship for Blind 2019"]
[Site "Cagliari"]
[Date "2019.04.14"]
[Round "9"]
[Board "29"]
[White "Riegler, Dieter"]
[Black "Holmela, Kari"]
[Result "1-0"]
[WhiteElo "1956"]
[BlackElo "1840"]
[PlyCount "49"]
[EventDate "2019.04.06"]
[EventRounds "9"]
[EventCountry "ITA"]

1. d4 Nf6 2. c4 g6 3. Nc3 Bg7 4. e4 d6 5. Nf3 O-O 6. h3 e5 7. d5 Nh5 8. g3 f5
9. exf5 gxf5 10. Nh4 Qe8 11. Be2 Nf6 12. Qc2 Na6 13. Be3 b6 14. O-O-O Nc5 15.
Bxc5 bxc5 16. g4 f4 17. Bd3 e4 18. Bxe4 Nxe4 19. Nxe4 Bd7 20. Nf3 Ba4 21. b3
Bd7 22. Rde1 Qb8 23. Neg5 Bf5 24. gxf5 Qb4 25. f6  1-0

[Event "14th IBCA World Chess Championship for Blind 2019"]
[Site "Cagliari"]
[Date "2019.04.14"]
[Round "9"]
[Board "30"]
[White "Badano, Giancarlo"]
[Black "Znuderl, Matej"]
[Result "0-1"]
[WhiteElo "1857"]
[BlackElo "1918"]
[PlyCount "110"]
[EventDate "2019.04.06"]
[EventRounds "9"]
[EventCountry "ITA"]

1. e4 c5 2. Nc3 Nc6 3. g3 g6 4. Bg2 Bg7 5. f4 Rb8 6. a4 e6 7. Nf3 d6 8. O-O
Nge7 9. d3 O-O 10. Ne2 b5 11. c3 b4 12. Be3 bxc3 13. bxc3 Ba6 14. Qc2 Qa5 15.
Rfb1 Rfc8 16. Kf2 Rxb1 17. Rxb1 Rc7 18. Bd2 Rb7 19. Rxb7 Bxb7 20. Qb3 Qa6 21.
d4 Na5 22. Qc2 cxd4 23. cxd4 Qc4 24. Qc3 Nec6 25. Qxc4 Nxc4 26. Bc3 Nb6 27. d5
exd5 28. exd5 Nxd5 29. Bxg7 Kxg7 30. Nfd4 Nxd4 31. Nxd4 a6 32. f5 Kf6 33. fxg6
hxg6 34. Nb3 Ba8 35. Nd4 Nc7 36. Nc6 Bxc6 37. Bxc6 Ke5 38. Ke3 d5 39. Bd7 a5
40. Kd3 Ne6 41. Bb5 g5 42. h3 Nc5+ 43. Ke3 f5 44. h4 Ne4 45. hxg5 Nxg5 46. Bd7
Ne4 47. Bc6 Nc5 48. Be8 Ne4 49. Kf3 d4 50. Bc6 d3 51. Ke3 d2 52. Ke2 Kd4 53.
Kd1 Ke3 54. Bxe4 fxe4 55. g4 Kd3  0-1

[Event "14th IBCA World Chess Championship for Blind 2019"]
[Site "Cagliari"]
[Date "2019.04.14"]
[Round "9"]
[Board "31"]
[White "Prpic, Milan"]
[Black "Began, Branko"]
[Result "1/2-1/2"]
[WhiteElo "1829"]
[BlackElo "1862"]
[PlyCount "26"]
[EventDate "2019.04.06"]
[EventRounds "9"]
[EventCountry "ITA"]

1. Nf3 d5 2. g3 g6 3. Bg2 Bg7 4. O-O Nf6 5. Nc3 O-O 6. b3 e6 7. Bb2 c5 8. d4
cxd4 9. Nxd4 Nc6 10. Nxc6 bxc6 11. Na4 Qe7 12. c4 Bb7 13. Qc1 Rfc8  1/2-1/2

[Event "14th IBCA World Chess Championship for Blind 2019"]
[Site "Cagliari"]
[Date "2019.04.14"]
[Round "9"]
[Board "32"]
[White "Selcuk, Umit"]
[Black "Wikman, Bengt"]
[Result "0-1"]
[WhiteElo "1555"]
[BlackElo "1806"]
[PlyCount "76"]
[EventDate "2019.04.06"]
[EventRounds "9"]
[EventCountry "ITA"]

1. e4 e5 2. Nf3 Nc6 3. Bc4 Bc5 4. c3 Nf6 5. d3 O-O 6. b4 Bb6 7. b5 Na5 8. Nxe5
d6 9. Nxf7 Rxf7 10. Bxf7+ Kxf7 11. O-O Bg4 12. Qc2 Qd7 13. a4 Rf8 14. Be3 Be6
15. c4 c6 16. Bxb6 axb6 17. f4 Kg8 18. f5 Bf7 19. Nc3 Ng4 20. Rf3 d5 21. h3 Ne5
22. Rg3 dxc4 23. Qf2 Nxd3 24. Qe3 Qd6 25. Rf1 Qe5 26. Qg5 Qxc3 27. f6 Bg6 28.
Qg4 Qd4+ 29. Kh2 Nc5 30. h4 Qd7 31. Qe2 Rf7 32. Rd1 Nd3 33. h5 Rxf6 34. hxg6
Rd6 35. Rf3 Rxg6 36. Rdxd3 cxd3 37. Qa2+ Qe6 38. Qa3 Qd6+  0-1

[Event "14th IBCA World Chess Championship for Blind 2019"]
[Site "Cagliari"]
[Date "2019.04.14"]
[Round "9"]
[Board "33"]
[White "Armstrong, William G"]
[Black "Cizman, Gregor"]
[Result "1/2-1/2"]
[WhiteElo "1800"]
[BlackElo "1564"]
[PlyCount "56"]
[EventDate "2019.04.06"]
[EventRounds "9"]
[EventCountry "ITA"]

1. d4 d5 2. Bf4 Nf6 3. e3 e6 4. Bd3 c5 5. c3 Nc6 6. Nd2 Be7 7. h3 cxd4 8. exd4
O-O 9. Ngf3 b6 10. O-O Bb7 11. Re1 Re8 12. Ne5 Nxe5 13. dxe5 Nd7 14. Nf3 Rc8
15. Nd4 a6 16. Re3 Nc5 17. Bc2 g6 18. a4 Kg7 19. Bh2 Bg5 20. f4 Be7 21. Qe1 Kh8
22. g4 Rg8 23. g5 Kg7 24. Rd1 Qe8 25. b3 Bc6 26. Nxc6 Qxc6 27. Kf1 Rgd8 28. Bg1
a5  1/2-1/2

[Event "14th IBCA World Chess Championship for Blind 2019"]
[Site "Cagliari"]
[Date "2019.04.14"]
[Round "9"]
[Board "34"]
[White "Krishna, Udupa"]
[Black "Atterberg, David"]
[Result "1-0"]
[WhiteElo "1740"]
[BlackElo "1109"]
[PlyCount "33"]
[EventDate "2019.04.06"]
[EventRounds "9"]
[EventCountry "ITA"]

1. d4 d5 2. Bf4 Nf6 3. e3 e6 4. Nd2 Be7 5. Bd3 b6 6. Ngf3 Bb7 7. Ne5 O-O 8. Qf3
Nbd7 9. h4 c5 10. c3 Kh8 11. g4 Ne8 12. h5 c4 13. Bc2 f6 14. Ng6+ hxg6 15.
hxg6+ Kg8 16. Qh3 Rf7 17. Qh8#  1-0

[Event "14th IBCA World Chess Championship for Blind 2019"]
[Site "Cagliari"]
[Date "2019.04.14"]
[Round "9"]
[Board "36"]
[White "Zenini, Simone"]
[Black "Christensen, Dan"]
[Result "1-0"]
[WhiteElo "1435"]
[BlackElo "1573"]
[PlyCount "99"]
[EventDate "2019.04.06"]
[EventRounds "9"]
[EventCountry "ITA"]

1. e4 e6 2. d4 c5 3. d5 e5 4. a4 d6 5. Ne2 Be7 6. Nec3 a6 7. Nd2 Nf6 8. Be2
Nbd7 9. Nc4 Nf8 10. Be3 Ng6 11. f3 Nh5 12. Qd2 Bf6 13. O-O Nhf4 14. Bd1 h5 15.
Kh1 h4 16. Be2 Bg5 17. Kg1 b6 18. Kf2 Bh6 19. Rh1 h3 20. g3 Nxe2 21. Nxe2 f5
22. exf5 Bxf5 23. Nc3 Rb8 24. b3 Qf6 25. Ke2 O-O 26. Bxh6 gxh6 27. Rhf1 Rfe8
28. Ne4 Bxe4 29. fxe4 Nf4+ 30. gxf4 exf4 31. Qxf4 Qd4 32. Qf7+ Kh8 33. Qf6+
Qxf6 34. Rxf6 Rxe4+ 35. Kd3 Rd4+ 36. Kc3 Rxd5 37. Rxh6+ Kg7 38. Rxd6 Rg5 39.
Rxb6 Rf8 40. Ne3 Rf3 41. Re6 Rf2 42. Rh1 a5 43. Re4 Rf3 44. Kc4 Rf6 45. Rg4
Rxg4+ 46. Nxg4 Rf4+ 47. Kxc5 Rxg4 48. c4 Kf7 49. Kb6 Ke7 50. Kxa5  1-0

[Event "14th IBCA World Chess Championship for Blind 2019"]
[Site "Cagliari"]
[Date "2019.04.14"]
[Round "9"]
[Board "37"]
[White "Deville, Olivier"]
[Black "Ymeri, Rinor"]
[Result "0-1"]
[WhiteElo "1858"]
[BlackElo "1680"]
[PlyCount "106"]
[EventDate "2019.04.06"]
[EventRounds "9"]
[EventCountry "ITA"]

1. d4 d5 2. Nf3 g6 3. c4 Nc6 4. cxd5 Qxd5 5. Nc3 Qd8 6. d5 Nb8 7. e4 e6 8. Bc4
c6 9. O-O b5 10. Bb3 Bg7 11. dxe6 Bxe6 12. Bxe6 fxe6 13. Qb3 Qe7 14. Bg5 Nf6
15. e5 O-O 16. Rfe1 Na6 17. Ne4 Nc5 18. Nxc5 Qxc5 19. exf6 Bxf6 20. Qxe6+ Kg7
21. Qe7+ Bxe7 22. Bxe7 Qc2 23. Bxf8+ Rxf8 24. Ng5 Qxf2+ 25. Kh1 Kh6 26. Ne6 Re8
27. Re4 c5 28. Rae1 Rxe6 29. Rxe6 Qxb2 30. g4 Qf2 31. R6e2 Qf3+ 32. Rg2 c4 33.
g5+ Kg7 34. Kg1 Qa3 35. Rge2 Qc5+ 36. Kf1 Qxg5 37. Re7+ Kh6 38. R1e3 Qf5+ 39.
Kg2 Qg5+ 40. Kh1 Qf5 41. Kg2 Qg5+ 42. Kh1 Qd5+ 43. Kg1 c3 44. R7e5 Qd1+ 45. Kg2
c2 46. Rh3+ Kg7 47. Re7+ Kf6 48. Rhxh7 Qg4+ 49. Kf2 c1=Q 50. Ref7+ Kg5 51. h4+
Qxh4+ 52. Rxh4 Kxh4 53. Rxa7 Qc5+  0-1

[Event "14th IBCA World Chess Championship for Blind 2019"]
[Site "Cagliari"]
[Date "2019.04.14"]
[Round "9"]
[Board "38"]
[White "Pugliese, Giuseppe Franco"]
[Black "Johansson, Tage"]
[Result "1/2-1/2"]
[WhiteElo "1648"]
[BlackElo "1749"]
[PlyCount "44"]
[EventDate "2019.04.06"]
[EventRounds "9"]
[EventCountry "ITA"]

1. e4 e5 2. Nf3 d6 3. d4 exd4 4. Nxd4 Nf6 5. Nc3 Be7 6. Be2 O-O 7. O-O a6 8. a4
c5 9. Nf5 Nxe4 10. Nxe7+ Qxe7 11. Nd5 Qd8 12. f3 Nf6 13. Bg5 Be6 14. Nxf6+ gxf6
15. Bh4 Nc6 16. Qd2 Ne5 17. Qh6 Ng6 18. Bd3 d5 19. Rae1 c4 20. Bxg6 hxg6 21.
Rxe6 fxe6 22. Qxg6+ Kh8 $11  1/2-1/2

[Event "14th IBCA World Chess Championship for Blind 2019"]
[Site "Cagliari"]
[Date "2019.04.14"]
[Round "9"]
[Board "39"]
[White "Tishuki, Daut"]
[Black "Hengles, Roberto Carlos"]
[Result "0-1"]
[WhiteElo "1547"]
[BlackElo "1740"]
[PlyCount "84"]
[EventDate "2019.04.06"]
[EventRounds "9"]
[EventCountry "ITA"]

1. d4 Nf6 2. c4 c5 3. e3 e6 4. Nf3 d5 5. Nc3 Nc6 6. Bd3 dxc4 7. Bxc4 a6 8. Qa4
Bd7 9. Qd1 Be7 10. O-O O-O 11. d5 exd5 12. Nxd5 Nxd5 13. Bxd5 Qc7 14. a3 Bg4
15. Qc2 Rab8 16. b3 Ne5 17. Nd2 Rfd8 18. e4 b5 19. Bb2 Nd7 20. f4 Nb6 21. Qd3
Nxd5 22. exd5 Be6 23. Qg3 Bf8 24. dxe6 Rxd2 25. Be5 Qa7 26. Bxb8 Qxb8 27. Qe3
Qd6 28. Rfe1 fxe6 29. Qxe6+ Qxe6 30. Rxe6 Rb2 31. Rxa6 Rxb3 32. Ra8 c4 33. a4
c3 34. Rc8 b4 35. a5 Rb2 36. a6 c2 37. Rxc2 Rxc2 38. a7 Bc5+ 39. Kf1 Bxa7 40.
Rxa7 b3 41. Rb7 b2 42. Ke1 Rc1+  0-1

[Event "14th IBCA World Chess Championship for Blind 2019"]
[Site "Cagliari"]
[Date "2019.04.14"]
[Round "9"]
[Board "40"]
[White "Murgia, Stefano"]
[Black "Dal, Ibrahim"]
[Result "0-1"]
[WhiteElo "1609"]
[BlackElo "1606"]
[PlyCount "52"]
[EventDate "2019.04.06"]
[EventRounds "9"]
[EventCountry "ITA"]

1. e4 c6 2. d4 d5 3. Nd2 dxe4 4. Nxe4 Nd7 5. Ng5 Ngf6 6. Bd3 e6 7. N1f3 h6 8.
Nxe6 fxe6 9. Bg6+ Ke7 10. O-O Qc7 11. Qe2 Kd8 12. g3 Bd6 13. Bd2 Nf8 14. Bd3
Bd7 15. c4 Be8 16. d5 exd5 17. Rfe1 Bg6 18. Nd4 Qf7 19. cxd5 Nxd5 20. Rad1 Bxd3
21. Qxd3 Bc5 22. Be3 Bxd4 23. Bxd4 Nd7 24. Qe2 Re8 25. Qxe8+ Qxe8 26. Rxe8+
Kxe8  0-1